000 00317nam a2200133Ia 4500
005 20251222144656.0
008 251222s9999||||xx |||||||||||||| ||spa||
020 _a84-8280-732-3
082 _a828.84/S79M
100 _aStevenson, Robert Louis
245 0 _aLos Mares del Sur
264 _bOveja Negra
942 _cLIB
999 _c17266
_d17266